<?xml version="1.0" encoding="UTF-8"?>
<record
    xmlns:xsi="http://www.w3.org/2001/XMLSchema-instance"
    xsi:schemaLocation="http://www.loc.gov/MARC21/slim http://www.loc.gov/standards/marcxml/schema/MARC21slim.xsd"
    xmlns="http://www.loc.gov/MARC21/slim">

  <leader>01062nam a22002177a 4500</leader>
  <controlfield tag="003">OSt</controlfield>
  <controlfield tag="005">20230711125345.0</controlfield>
  <controlfield tag="008">230705s2015    ag ||||| |||| 00| 1 spa d</controlfield>
  <datafield tag="020" ind1=" " ind2=" ">
    <subfield code="a">9789500437851</subfield>
  </datafield>
  <datafield tag="040" ind1=" " ind2=" ">
    <subfield code="b">spa</subfield>
    <subfield code="c">besoc</subfield>
  </datafield>
  <datafield tag="100" ind1="1" ind2=" ">
    <subfield code="a">Blake, Nicholas </subfield>
    <subfield code="d">(1904-1972)</subfield>
    <subfield code="e">autor</subfield>
  </datafield>
  <datafield tag="245" ind1="0" ind2="4">
    <subfield code="a">Los toneles de la muerte /</subfield>
    <subfield code="c">Nicholas Blake ; traducci&#xF3;n de Juan &#xC1;ngel Cotta</subfield>
  </datafield>
  <datafield tag="250" ind1=" " ind2=" ">
    <subfield code="a">1a ed.</subfield>
  </datafield>
  <datafield tag="260" ind1=" " ind2=" ">
    <subfield code="a">Buenos Aires :</subfield>
    <subfield code="b">Emec&#xE9;, </subfield>
    <subfield code="c">2015</subfield>
  </datafield>
  <datafield tag="300" ind1=" " ind2=" ">
    <subfield code="a">370 p.</subfield>
  </datafield>
  <datafield tag="490" ind1=" " ind2=" ">
    <subfield code="a">El s&#xE9;ptimo c&#xED;rculo / colecci&#xF3;n creada por Jorge Luis Borges y Adolfo Bioy Casares</subfield>
  </datafield>
  <datafield tag="520" ind1=" " ind2=" ">
    <subfield code="a">En una de las candentes cubas de la vasta cervecer&#xED;a de Eustace Bunnett, hombre aborrecido y violento, se descubri&#xF3; el esqueleto de su perro. Quince d&#xED;as despu&#xE9;s, Eustace Bunnett desapareci&#xF3;. En la misma cuba donde el perro hab&#xED;a aparecido se hall&#xF3; un esqueleto humano. El asesinato del perro hab&#xED;a sido un ensayo para el asesinato de un hombre [Nota del editor].</subfield>
  </datafield>
  <datafield tag="650" ind1=" " ind2="4">
    <subfield code="a">Literatura inglesa</subfield>
    <subfield code="v">Novelas </subfield>
    <subfield code="y">Siglo XX</subfield>
  </datafield>
  <datafield tag="700" ind1=" " ind2=" ">
    <subfield code="a">Cotta, Juan &#xC1;ngel </subfield>
    <subfield code="e">traductor</subfield>
  </datafield>
  <datafield tag="942" ind1=" " ind2=" ">
    <subfield code="2">udc</subfield>
    <subfield code="c">OG</subfield>
    <subfield code="n">0</subfield>
  </datafield>
  <datafield tag="999" ind1=" " ind2=" ">
    <subfield code="c">30</subfield>
    <subfield code="d">30</subfield>
  </datafield>
  <datafield tag="952" ind1=" " ind2=" ">
    <subfield code="0">0</subfield>
    <subfield code="1">0</subfield>
    <subfield code="2">udc</subfield>
    <subfield code="4">0</subfield>
    <subfield code="7">0</subfield>
    <subfield code="8">CG</subfield>
    <subfield code="a">ESOCIALES</subfield>
    <subfield code="b">ESOCIALES</subfield>
    <subfield code="d">2023-07-11</subfield>
    <subfield code="l">0</subfield>
    <subfield code="o">82-312.4(410) B636</subfield>
    <subfield code="p">000655</subfield>
    <subfield code="r">2023-07-11 00:00:00</subfield>
    <subfield code="w">2023-07-11</subfield>
    <subfield code="y">OG</subfield>
  </datafield>
</record>
